ВВП - история, значение и значимость; Экономика России в XXI веке

Dettagli Bibliografici
Parent link:Экономика России в XXI веке.— 2013.— [С. 102-104]
Autore principale: Мишин И. А.
Ente Autore: Национальный исследовательский Томский политехнический университет (ТПУ) Институт социально-гуманитарных технологий (ИСГТ) Кафедра истории и регионоведения (ИСТ)
Altri autori: Борисова Л. М. Людмила Михайловна (научный руководитель)
Riassunto:Заглавие с титульного экрана
Исследовано значение и история широко известного термина - ВВП. Раскрыта сущность показателя ВВП. Определено значение ВВП для экономической статистики и определения направлений развития экономики.
Lingua:russo
Pubblicazione: 2013
Serie:Проблемы теории и методологии экономической науки
Soggetti:
Accesso online:http://www.lib.tpu.ru/fulltext/c/2013/C40/034.pdf
Natura: Elettronico Capitolo di libro
KOHA link:https://koha.lib.tpu.ru/cgi-bin/koha/opac-detail.pl?biblionumber=606231

MARC

LEADER 00000naa2a2200000 4500
001 606231
005 20231101132407.0
035 |a (RuTPU)RU\TPU\conf\3610 
035 |a RU\TPU\conf\3600 
090 |a 606231 
100 |a 20140522d2013 k y0rusy50 ca 
101 0 |a rus 
102 |a RU 
105 |a y z 101zy 
135 |a drgn ---uucaa 
181 0 |a i  
182 0 |a b 
200 1 |a ВВП - история, значение и значимость  |f И. А. Мишин  |g науч. рук. Л. М. Борисова 
203 |a Текст  |c электронный 
225 1 |a Проблемы теории и методологии экономической науки 
230 |a 1 компьютерный файл (pdf; 348 Кб) 
300 |a Заглавие с титульного экрана 
320 |a [Библиогр.: с. 104 (1 назв.)] 
330 |a Исследовано значение и история широко известного термина - ВВП. Раскрыта сущность показателя ВВП. Определено значение ВВП для экономической статистики и определения направлений развития экономики. 
337 |a Adobe Reader 
463 0 |0 (RuTPU)RU\TPU\conf\3320  |t Экономика России в XXI веке  |o сборник научных трудов Х Всероссийской научно-практической конференции "Фундаментальные проблемы модернизации экономики России", г. Томск, 19-23 ноября 2013 г.  |f Национальный исследовательский Томский политехнический университет (ТПУ) ; под ред. Г. А. Барышевой и др.  |v [С. 102-104]  |d 2013 
610 1 |a труды учёных ТПУ 
610 1 |a электронный ресурс 
610 1 |a ВВП 
610 1 |a показатели 
610 1 |a экономическая статистика 
610 1 |a развитие 
700 1 |a Мишин  |b И. А. 
702 1 |a Борисова  |b Л. М.  |c экономист  |c доцент Томского политехнического университета, кандидат экономических наук  |f 1976-  |g Людмила Михайловна  |2 stltpush  |4 727 
712 0 2 |a Национальный исследовательский Томский политехнический университет (ТПУ)  |b Институт социально-гуманитарных технологий (ИСГТ)  |b Кафедра истории и регионоведения (ИСТ)  |h 38  |2 stltpush  |3 (RuTPU)RU\TPU\col\18372 
801 2 |a RU  |b 63413507  |c 20140522  |g RCR 
856 4 |u http://www.lib.tpu.ru/fulltext/c/2013/C40/034.pdf 
942 |c BK